[Event "Calvia Amateur op 20th"]
[Site "Calvia"]
[Date "2023.10.10"]
[Round "4"]
[White "Navarrete Terrasa, Antonio"]
[Black "Tscharotschkin, Michael"]
[Result "0-1"]
[WhiteElo "1862"]
[BlackElo "2115"]
[PlyCount "70"]
[EventDate "2023.10.07"]
[EventType "swiss"]
[EventRounds "9"]
[EventCountry "ESP"]
[SourceTitle "CBM 216 Extra"]
[Source "ChessBase"]
[SourceDate "2023.11.30"]
[SourceVersion "1"]
[SourceVersionDate "2023.11.30"]
[SourceQuality "1"]

1. e4 e6 2. d4 d5 3. Nd2 dxe4 4. Nxe4 Nd7 5. Nf3 Ngf6 6. Bd3 Be7 7. Ng3 0-0 8. 0-0 c5 9. c3 b6 10. Bg5 h6 11. Bxf6 Nxf6 12. Qe2 Bb7 13. Rad1 Qc7 14. Rfe1 Bxf3 15. Qxf3 cxd4 16. cxd4 Rad8 17. Nh5 Nxh5 18. Qxh5 Rd5 19. Qg4 Rfd8 20. Bb1 Bf6 21. Be4 Rxd4 22. Rxd4 Rxd4 23. Qe2 Qd7 24. b3 g6 25. Qf3 Kg7 26. Bc2 Rd2 27. Rd1 Rxd1+ 28. Qxd1 Bd4 29. Qe2 Qc7 30. Qd3 Qf4 31. Qf1 Bxf2+ 32. Qxf2 Qc1+ 33. Qf1 Qxc2 34. Qa1+ Kg8 35. Qf6 Qb1+ 0-1

[Event "Calvia Amateur op 17th"]
[Site "Calvia"]
[Date "2020.10.13"]
[Round "4"]
[White "Maldonado Mena, German"]
[Black "Navarrete Terrasa, Antonio"]
[Result "1-0"]
[WhiteElo "2066"]
[BlackElo "1871"]
[PlyCount "67"]
[EventDate "2020.10.10"]
[EventType "swiss"]
[EventRounds "9"]
[EventCountry "ESP"]
[SourceTitle "CBM 198 Extra"]
[Source "ChessBase"]
[SourceDate "2020.11.30"]
[SourceVersion "1"]
[SourceVersionDate "2020.11.30"]
[SourceQuality "1"]

1. d4 d5 2. c4 e6 3. Nc3 Be7 4. cxd5 exd5 5. Bf4 c6 6. Qc2 Nf6 7. h3 Bd6 8. Bxd6 Qxd6 9. e3 0-0 10. Bd3 Re8 11. Nf3 Qe7 12. Ne5 Nbd7 13. f4 g6 14. 0-0-0 Ne4 15. Bxe4 dxe4 16. g4 f6 17. Nc4 Nb6 18. Nxb6 axb6 19. d5 f5 20. Qb3 Qc5 21. Rd4 cxd5 22. Kb1 Be6 23. gxf5 gxf5 24. Qd1 Ra5 25. Qg1+ Kh8 26. b4 Qxc3 27. bxa5 Qxa5 28. Qg5 Qb5+ 29. Ka1 Qd7 30. Qf6+ Qg7 31. Qxg7+ Kxg7 32. Rb1 Re7 33. Rxb6 Rc7 34. Rxe6 1-0

[Event "Mallorca-chT Preferente"]
[Site "Palma de Mallorca"]
[Date "2020.02.01"]
[Round "1.2"]
[White "Gonzalez Arribas, Vidal Alejandro"]
[Black "Navarrete Terrasa, Antonio"]
[Result "1-0"]
[WhiteElo "2258"]
[BlackElo "1892"]
[PlyCount "65"]
[EventDate "2020.02.01"]
[EventType "team-tourn"]
[EventRounds "9"]
[EventCountry "ESP"]
[SourceTitle "CBM 195 Extra"]
[Source "ChessBase"]
[SourceDate "2020.05.31"]
[SourceVersion "1"]
[SourceVersionDate "2020.05.31"]
[SourceQuality "1"]
[WhiteTeam "Sa Dragonera"]
[BlackTeam "Mestral Palmanyola"]
[WhiteTeamCountry "ESP"]
[BlackTeamCountry "ESP"]

1. c4 c6 2. e4 d5 3. exd5 cxd5 4. d4 Nf6 5. Nc3 e6 6. Nf3 Bb4 7. Bd3 dxc4 8. Bxc4 0-0 9. 0-0 Nbd7 10. Bb3 Nb6 11. Bg5 Be7 12. Re1 Nbd5 13. Ne5 Nxc3 14. bxc3 Nd5 15. Bxe7 Nxe7 16. Qh5 Nd5 17. Bc2 g6 18. Qh6 Qf6 19. c4 Ne7 20. Rad1 Nc6 21. Ng4 Qg7 22. Qh4 f5 23. Ne5 Rd8 24. Nf3 h6 25. d5 g5 26. Qh5 Nb4 27. Bb3 Qf6 28. Ne5 b5 29. cxb5 Nxd5 30. Nc6 Rd6 31. Bxd5 Rxd5 32. Rxd5 Qc3 33. Qg6+ 1-0

[Event "Calvia Amateur op 15th"]
[Site "Calvia"]
[Date "2018.10.14"]
[Round "9"]
[White "Planas Gene, Juan"]
[Black "Navarrete Terrasa, Antonio"]
[Result "1/2-1/2"]
[WhiteElo "2007"]
[BlackElo "1919"]
[PlyCount "40"]
[EventDate "2018.10.06"]
[EventType "swiss"]
[EventRounds "9"]
[EventCountry "ESP"]
[SourceTitle "CBM 186 Extra"]
[Source "ChessBase"]
[SourceDate "2018.08.24"]
[SourceVersion "1"]
[SourceVersionDate "2018.08.24"]
[SourceQuality "1"]

1. d4 d5 2. c4 c6 3. Nf3 e6 4. Nc3 dxc4 5. a4 Bb4 6. e3 b5 7. Bd2 a5 8. axb5 Bxc3 9. Bxc3 cxb5 10. b3 Bb7 11. d5 Nf6 12. bxc4 b4 13. Bxf6 Qxf6 14. Qa4+ Nd7 15. Nd4 Qe7 16. Qb5 Rb8 17. Qxa5 0-0 18. Nc6 Qf6 19. Nxb8 Qc3+ 20. Kd1 Qb3+ 1/2-1/2

[Event "Mallorca-chT Preferente"]
[Site "Palma de Mallorca"]
[Date "2012.03.24"]
[Round "8.5"]
[White "Penas Fuster, Jaime"]
[Black "Navarrete Terrasa, Antonio"]
[Result "1/2-1/2"]
[WhiteElo "2113"]
[BlackElo "1869"]
[PlyCount "100"]
[EventDate "2012.01.28"]
[EventType "team"]
[EventRounds "9"]
[EventCountry "ESP"]
[SourceTitle "EXT 2014"]
[Source "ChessBase"]
[SourceDate "2013.11.20"]
[SourceVersion "1"]
[SourceVersionDate "2013.11.20"]
[SourceQuality "1"]
[WhiteTeam "Tropic"]
[BlackTeam "Mate en Dos"]
[WhiteTeamCountry "ESP"]
[BlackTeamCountry "ESP"]

1. e4 c6 2. d4 d5 3. exd5 cxd5 4. Bd3 Nc6 5. Ne2 Bg4 6. f3 Bh5 7. c3 e6 8. Qb3 Qd7 9. 0-0 Bd6 10. Bf4 Nge7 11. Nd2 0-0 12. Rae1 Rab8 13. Bxd6 Qxd6 14. f4 Bg6 15. Bxg6 hxg6 16. Nf3 b5 17. Qc2 b4 18. Ne5 bxc3 19. bxc3 Na5 20. Qa4 Nec6 21. Rb1 Nxe5 22. fxe5 Qc7 23. Qc2 Nc4 24. Qd3 Rxb1 25. Rxb1 Rb8 26. Rb3 Rb6 27. Rxb6 Qxb6 28. Qc2 Nxe5 29. Qb3 Nc4 30. Nc1 Qxb3 31. axb3 Nd6 32. Kf1 Ne4 33. Ke2 Nxc3+ 34. Kd3 Nb5 35. b4 Kf8 36. Nb3 Ke7 37. Nc5 f6 38. Ke3 e5 39. dxe5 fxe5 40. Kf3 Nd4+ 41. Kg4 Nc2 42. Na6 e4 43. Kf4 e3 44. Kf3 d4 45. Ke2 Na3 46. Nc5 Kd6 47. Kd3 Nb5 48. Ne4+ Ke5 49. Nc5 Nc3 50. Nb3 e2 1/2-1/2

[Event "Mallorca-chT Preferente"]
[Site "Palma de Mallorca"]
[Date "2012.03.10"]
[Round "6.5"]
[White "Navarrete Terrasa, Antonio"]
[Black "Marti Mascaro, Juan"]
[Result "1/2-1/2"]
[WhiteElo "1869"]
[BlackElo "2028"]
[PlyCount "104"]
[EventDate "2012.01.28"]
[EventType "team"]
[EventRounds "9"]
[EventCountry "ESP"]
[SourceTitle "EXT 2014"]
[Source "ChessBase"]
[SourceDate "2013.11.20"]
[SourceVersion "1"]
[SourceVersionDate "2013.11.20"]
[SourceQuality "1"]
[WhiteTeam "Mate en Dos"]
[BlackTeam "La Balanguera"]
[WhiteTeamCountry "ESP"]
[BlackTeamCountry "ESP"]

1. e4 g6 2. d4 Bg7 3. Nc3 d6 4. Be3 Nd7 5. Qd2 e5 6. Nf3 Ne7 7. Bh6 0-0 8. 0-0-0 Nc6 9. Bxg7 Kxg7 10. h4 exd4 11. Nxd4 Nxd4 12. Qxd4+ Qf6 13. Qe3 Ne5 14. Nd5 Qd8 15. h5 Ng4 16. Qd4+ f6 17. f3 Nh6 18. hxg6 hxg6 19. g4 g5 20. Rd2 Nf7 21. Rdh2 Rh8 22. Rxh8 Nxh8 23. Nxf6 Qxf6 24. Qxf6+ Kxf6 25. Rxh8 a6 26. Bc4 c6 27. Kd2 b5 28. Bb3 Bb7 29. Rh6+ Ke5 30. Ke3 d5 31. exd5 cxd5 32. Rg6 d4+ 33. Kf2 Rf8 34. Rxg5+ Kf4 35. Rf5+ Rxf5 36. gxf5 Kxf5 37. Kg3 a5 38. a4 b4 39. Bg8 Ba6 40. Bh7+ Ke5 41. f4+ Kf6 42. b3 Be2 43. Bd3 Bh5 44. Kh4 Bf3 45. f5 Bb7 46. Kg4 Bc8 47. Kf4 Bb7 48. Be4 Bc8 49. Bd3 Bb7 50. Bc4 Bc6 51. Be6 Bg2 52. Bc4 Bc6 1/2-1/2